Kirk-Othmer Encyclopedia of chemical technology

Guardat en:
Dades bibliogràfiques
Autor principal: Seidel, Arza
Format: Llibre
Idioma:Undetermined
Publicat: Hoboken, N.J. Wiley-Interscience 2004
Matèries:
Etiquetes: Afegir etiqueta
Sense etiquetes, Sigues el primer a etiquetar aquest registre!
Thư viện lưu trữ: Trung tâm Học liệu Trường Đại học Cần Thơ
LEADER 00555nam a2200205Ia 4500
001 CTU_123701
008 210402s9999 xx 000 0 und d
020 |c 4719000 
082 |a 660.03 
082 |b S458/Vol.18 
100 |a Seidel, Arza 
245 0 |a Kirk-Othmer Encyclopedia of chemical technology 
245 0 |c Arza Seidel 
260 |a Hoboken, N.J. 
260 |b Wiley-Interscience 
260 |c 2004 
650 |a Chemistry, Technical 
650 |x Encyclopedias 
904 |i Minh 
980 |a Trung tâm Học liệu Trường Đại học Cần Thơ